China's agriculture in the international trading system

Gespeichert in:
Bibliographische Detailangaben
Format: Buch
Sprache:Englisch
Veröffentlicht: Paris OECD 2001
Schriftenreihe:Agriculture and food
Schlagworte:
Tags: Tag hinzufügen
Keine Tags, Fügen Sie das erste Tag hinzu!

MARC

LEADER 00000nam a2200000 4500
001 c127711
005 20221124105204.1
020 |a 92-64-18682-4 
041 0 |a eng 
044 |a FR 
245 1 0 |a China's agriculture in the international trading system 
264 1 |a Paris  |b OECD  |c 2001 
300 |a 292 s. 
490 1 |a Agriculture and food 
830 0 |a Agriculture and food 
610 2 0 |a poľnohospodárstvo 
610 2 0 |a obchod 
610 2 0 |a potraviny 
610 2 0 |a politika obchodná 
610 2 0 |a politika hospodárska 
610 2 0 |a reštrukturalizácia 
610 2 0 |a reformy 
610 2 0 |a trh 
610 2 0 |a integrácia 
610 2 0 |a konflikty 
610 2 0 |a farmy 
610 2 0 |a spriemyselňovanie poľnohospodárstva 
610 2 0 |a Čína 
610 2 0 |a svet 
610 2 0 |a OECD